000 00766nam a2200325Ia 4500
005 20250425162328.0
008 250425s9999 xx 000 0 und d
020 _a9978310061
041 _aspa
043 _aec
082 _a624.1513
100 _aTERREROS DE VARELA, CARMEN
245 0 _aMECANICA DE SUELOS PRACTICA
250 _a2A ED.
260 _aEcuador
_bESPOL
_c2007
260 _aGUAYAQUIL
_bESPOL-FICT
300 _a210
500 _a2 EDICIÓN MEJORADA
650 _aCIMENTACIONES
650 _aCLASIFICACION
650 _aESFUERZOS
650 _aESTABILIDAD
650 _aPRESAS
650 _aPRESION
650 _aPROPIEDADES
650 _aSUELOS
710 _aTERREROS DE VARELA CARMEN
942 _c01
010 _a62673
999 _c226995
_d226995